Elenca la formazione - Quiz n°111 - Statistics

Statistiche generali
  • Questo quiz è stato fatto 76 volte
  • Il punteggio medio è 9 su 11
Statistiche sulle risposte
Ruolo Nazione Calciatore % Corretto
Portiere Repubblica Ccea Petr Čech
99%
Ala Belgio Eden Hazard
94%
Attaccante Spagna Fernando Torres
93%
Centrocampista Inghilterra Frank Lampard
91%
Difensore Brasile David Luiz
81%
Trequartista Brasile Oscar
76%
Difensore Inghilterra Ashley Cole
73%
Difensore Serbia Branislav Ivanović
72%
Centrocampista Brasile Ramires
69%
Difensore Inghilterra Gary Cahill
67%
Ala Germania André Schürrle
58%
Nessun quiz corrispondente trovato
Distribuzione punteggi
Percentuale di utenti per punteggio
Percentile per numero di risposta
I tuoi punteggi nel tempo
Non hai fatto questo quiz